000
00310nam a2200121Ia 4500
005
20251222144749.0
008
251222s9999||||xx |||||||||||||| ||spa||
020
_a
978-84-670-3426-4
082
_a
REF.411/R31
245
0
_a
Ortografía de la Lengua Española
264
_b
Real Academia Española
942
_c
LIB
999
_c
19268
_d
19268